Welcome to CU Library Online Public Access Catalogue (OPAC)

Manual of Nursing Arts and Procedures (Record no. 7883)

MARC details
000 -LEADER
fixed length control field 00452nam a22001577a 4500
005 - DATE AND TIME OF LATEST TRANSACTION
control field 20251028200415.0
008 - FIXED-LENGTH DATA ELEMENTS--GENERAL INFORMATION
fixed length control field 251028b |||||||| |||| 00| 0 eng d
020 ## - INTERNATIONAL STANDARD BOOK NUMBER
International Standard Book Number 9788125918769
050 ## - LIBRARY OF CONGRESS CALL NUMBER
Classification number RT71 RAM
100 ## - MAIN ENTRY--PERSONAL NAME
Personal name Ram, Lily Pritam Telu
245 ## - TITLE STATEMENT
Title Manual of Nursing Arts and Procedures
Statement of responsibility, etc. Lily Pritam Telu Ram
250 ## - EDITION STATEMENT
Edition statement 4th ed.
260 ## - PUBLICATION, DISTRIBUTION, ETC.
Place of publication, distribution, etc. New Delhi
Name of publisher, distributor, etc. Vikas Publishing House
Date of publication, distribution, etc. 2006
300 ## - PHYSICAL DESCRIPTION
Extent xv. 304p.
Dimensions 22cm
942 ## - ADDED ENTRY ELEMENTS (KOHA)
Source of classification or shelving scheme Library of Congress Classification
Koha item type Books
Edition 4th ed.
Suppress in OPAC No
999 ## -
-- 7883
-- 7883
Holdings
Withdrawn status Lost status Source of classification or shelving scheme Damaged status Not for loan Collection Home library Current library Shelving location Date acquired Total checkouts Full call number Barcode Date last seen Copy number Price effective from Koha item type
    Library of Congress Classification     Non-fiction Science Library (Miotso) Science Library (Miotso) General stacks 10/28/2025   RT71 RAM SLM00004891 10/28/2025 1 10/28/2025 Books
    Library of Congress Classification     Non-fiction Science Library (Miotso) Science Library (Miotso) General stacks 10/28/2025   RT71 RAM SLM00004892 10/28/2025 2 10/28/2025 Books
    Library of Congress Classification     Non-fiction Science Library (Miotso) Science Library (Miotso) General stacks 10/28/2025   RT71 RAM SLM00004893 10/28/2025 3 10/28/2025 Books
© 2023-2024 Copyright: Central University Libraries. All Rights Reserved | Created by: Mahone Tech Office